| 000 | 00789nmc a2200313 a 4500 | ||
|---|---|---|---|
| 003 | AR-BaBNM | ||
| 005 | 20251128211116.0 | ||
| 008 | 282120s1995 ||||||||||||||000 | spa|| | ||
| 020 | _a84-309-2771-9 | ||
| 040 | _cAR-BaBNM | ||
| 100 | 1 | _aMorin, Edgar | |
| 245 | 1 | 0 | _aSociologĂa |
| 260 |
_aMadrid _bTecnos _c1995 |
||
| 300 | 0 | _a410 p. | |
| 490 | 0 | _aFilosofĂa y ensayo | |
| 504 | _aFuentes en p. 409 | ||
| 650 | 4 | _aSOCIOLOGIA | |
| 650 | 4 | _aEPISTEMOLOGIA | |
| 650 | 4 | _aANALISIS DE SISTEMAS | |
| 650 | 4 | _aSISTEMAS SOCIALES | |
| 650 | 4 | _aINTERDISCIPLINARIEDAD | |
| 650 | 4 | _aCOMPRENSION | |
| 650 | 4 | _aSOCIOLOGIA DEL CONOCIMIENTO | |
| 653 | 0 | _aMETODO CIENTIFICO | |
| 700 | 1 |
_aTortella, Jaime _etraductor |
|
| 800 | 1 | _aGarrido, Manuel | |
| 942 | _cBK | ||
| 998 | _cAlicia | ||
| 999 |
_c18265 _d18265 |
||